[Event "Titled Tuesday intern op 30th Apr Early"]
[Site "Chess.com INT"]
[Date "2024.04.30"]
[Round "1"]
[White "Guzman Lozano, Campo Elias"]
[Black "Jaiveer, Mahendru"]
[Result "0-1"]
[WhiteElo "1902"]
[BlackElo "2244"]
[PlyCount "116"]
[EventDate "2024.04.30"]
[EventType "swiss (blitz)"]
[EventRounds "11"]
[EventCountry "USA"]
[SourceTitle "CB19_2024"]
[SourceDate "2024.05.08"]
[SourceVersion "1"]
[SourceVersionDate "2024.05.08"]
[SourceQuality "1"]

1. e4 b6 2. d4 Bb7 3. Nc3 g6 4. f3 Bg7 5. Be3 e6 6. Qd2 d5 7. e5 f5 8. Nh3 Ne7 9. Nf4 Qd7 10. Bb5 c6 11. Be2 0-0 12. h4 Rf7 13. Nh3 c5 14. Bb5 Bc6 15. a4 Bxb5 16. Nxb5 cxd4 17. Bxd4 Nbc6 18. Nd6 Rff8 19. f4 Nxd4 20. Qxd4 Qxd6 21. exd6 Bxd4 22. dxe7 Rfe8 23. 0-0-0 Bf6 24. h5 Rxe7 25. hxg6 hxg6 26. Nf2 Kg7 27. Rhe1 Rc8 28. Kb1 Rc4 29. g3 Rxa4 30. Nd3 Ra5 31. c3 Rb5 32. Ka2 Kf7 33. Re2 Ra5+ 34. Kb3 d4 35. c4 e5 36. fxe5 Bxe5 37. Rh1 Kf6 38. Rg1 Bd6 39. Rxe7 Kxe7 40. g4 f4 41. g5 Ke6 42. Re1+ Kf5 43. Re8 Kxg5 44. Re6 Bf8 45. Re8 Rf5 46. Nf2 f3 47. Kc2 Kf4 48. Kd3 Kg3 49. Ne4+ Kg2 50. Re6 g5 51. Rg6 f2 52. Nxf2 Kxf2 53. Kxd4 Bc5+ 54. Ke4 Rf4+ 55. Ke5 Be3 56. Rxg5 Rxc4 57. Rf5+ Ke2 58. Kd5 Rb4 0-1

[Event "Titled Tuesday intern op 30th Apr Early"]
[Site "Chess.com INT"]
[Date "2024.04.30"]
[Round "9"]
[White "Jaiveer, Mahendru"]
[Black "Sahin, Sarp"]
[Result "0-1"]
[WhiteElo "2244"]
[BlackElo "2115"]
[PlyCount "60"]
[EventDate "2024.04.30"]
[EventType "swiss (blitz)"]
[EventRounds "11"]
[EventCountry "USA"]
[SourceTitle "CB19_2024"]
[SourceDate "2024.05.08"]
[SourceVersion "1"]
[SourceVersionDate "2024.05.08"]
[SourceQuality "1"]

1. f4 d5 2. Nf3 c5 3. g3 Nc6 4. Bg2 h5 5. 0-0 Nf6 6. d3 e6 7. Qe1 Be7 8. e4 dxe4 9. dxe4 Nd4 10. Rf2 Nxf3+ 11. Bxf3 h4 12. e5 hxg3 13. hxg3 Nd5 14. Nc3 Nxc3 15. Qxc3 Qc7 16. Be3 Bd7 17. a4 Bc6 18. a5 Bxf3 19. Rxf3 Qc6 20. Bf2 a6 21. Rd1 Rd8 22. Rxd8+ Bxd8 23. Kf1 Bxa5 24. Qa3 Bb4 25. Qe3 Qa4 26. Qe4 Qa1+ 27. Ke2 Rh1 28. Qxb7 Qd1+ 29. Ke3 Qd4+ 30. Ke2 Qd2# 0-1

[Event "Titled Tuesday intern op 16th Apr Early"]
[Site "Chess.com INT"]
[Date "2024.04.16"]
[Round "5"]
[White "Jaiveer, Mahendru"]
[Black "Porozhniak, Maya"]
[Result "1-0"]
[WhiteElo "2244"]
[BlackElo "1930"]
[PlyCount "119"]
[EventDate "2024.04.16"]
[EventType "swiss (blitz)"]
[EventRounds "11"]
[EventCountry "USA"]
[SourceTitle "CB17_2024"]
[SourceDate "2024.04.24"]
[SourceVersion "1"]
[SourceVersionDate "2024.04.24"]
[SourceQuality "1"]

1. f4 c5 2. Nf3 e6 3. g3 Nc6 4. Bg2 d5 5. d3 Nf6 6. 0-0 g6 7. Qe1 Bg7 8. e4 dxe4 9. dxe4 0-0 10. Nc3 Nd4 11. Rf2 Ng4 12. Rd2 Nxf3+ 13. Bxf3 Bd4+ 14. Kg2 Ne3+ 15. Qxe3 Bxe3 16. Rxd8 Rxd8 17. Bxe3 b6 18. e5 Rb8 19. Nb5 a6 20. Nd6 Bd7 21. Kf2 Kf8 22. Rd1 Kg7 23. Rd2 f6 24. exf6+ Kxf6 25. Ne4+ Kf7 26. Rd6 h6 27. h4 Bb5 28. h5 gxh5 29. Bxh5+ Ke7 30. Rd2 Bc4 31. a3 Bd5 32. Nc3 Bc6 33. Bf3 Bd7 34. g4 Rg8 35. Kg3 a5 36. Rh2 Rh8 37. Ne4 Bc6 38. Nd2 Ba4 39. Be4 Bd7 40. Nf3 Kf6 41. Ne5 Ba4 42. Bd2 Rbg8 43. Bc3 Ke7 44. Ng6+ Rxg6 45. Bxg6 Rg8 46. f5 exf5 47. gxf5 Kd6 48. Rxh6 Kc7 49. Kf4 Bc6 50. Rh7+ Kc8 51. Be5 Bd7 52. Bf7 Rg1 53. Be6 Rf1+ 54. Kg5 Bxe6 55. fxe6 Re1 56. Kf6 Rf1+ 57. Ke7 Kb7 58. Kd6+ Ka6 59. e7 Rd1+ 60. Ke6 1-0

[Event "Titled Tuesday intern op 02nd Apr Early"]
[Site "Chess.com INT"]
[Date "2024.04.02"]
[Round "1"]
[White "Jaiveer, Mahendru"]
[Black "Le, Tuan Minh"]
[Result "1-0"]
[WhiteElo "2244"]
[BlackElo "2567"]
[PlyCount "119"]
[EventDate "2024.04.02"]
[EventType "swiss (blitz)"]
[EventRounds "11"]
[EventCountry "USA"]
[SourceTitle "CB15_2024"]
[SourceDate "2024.04.10"]
[SourceVersion "1"]
[SourceVersionDate "2024.04.10"]
[SourceQuality "1"]

1. e4 e5 2. Nf3 Nc6 3. Bc4 Bc5 4. c3 Nf6 5. d4 exd4 6. e5 d5 7. Bb5 Ne4 8. cxd4 Bb6 9. Nc3 0-0 10. Be3 Ne7 11. Bd3 f5 12. exf6 Nxf6 13. h3 Nf5 14. 0-0 Nxe3 15. fxe3 Qe7 16. Qd2 c5 17. dxc5 Bxc5 18. Nd4 Bd7 19. Rae1 Rae8 20. Bc2 Qe5 21. Bb3 Kh8 22. Bc2 Bb6 23. Nd1 g6 24. Nf3 Qg3 25. Qf2 Qd6 26. Qd2 Kg7 27. Nd4 Nh5 28. Rxf8 Rxf8 29. Qc3 Qf6 30. Bd3 Ng3 31. a3 Kg8 32. b4 a6 33. Qb3 Qe5 34. Qc3 Ne4 35. Bxe4 dxe4 36. Qc4+ Kh8 37. Rf1 Rxf1+ 38. Qxf1 Kg7 39. Qc4 Bc7 40. Nf2 Bd6 41. Qc3 h5 42. Kf1 Kh7 43. Qc2 a5 44. Qxe4 axb4 45. Qxb7 Qe7 46. axb4 Kh6 47. Ne4 Bxb4 48. Qd5 Qf8+ 49. Ke2 Qe7 50. Nf3 Kg7 51. Qd4+ Kh6 52. Nf6 Bb5+ 53. Kf2 Qf7 54. Ne4 Bf8 55. Qh8+ Qh7 56. Qxf8+ Qg7 57. Qf4+ Kh7 58. Neg5+ Kh8 59. Qb8+ Qg8 60. Qxb5 1-0

[Event "Titled Tuesday intern op 16th Jan Early"]
[Site "Chess.com INT"]
[Date "2024.01.16"]
[Round "10"]
[White "Jaiveer, Mahendru"]
[Black "Hua, Lefong"]
[Result "1-0"]
[WhiteElo "2294"]
[BlackElo "2305"]
[PlyCount "97"]
[EventDate "2024.01.16"]
[EventType "swiss (blitz)"]
[EventRounds "11"]
[EventCountry "USA"]
[SourceTitle "CB04_2024"]
[SourceDate "2023.10.16"]
[SourceVersion "1"]
[SourceVersionDate "2023.10.16"]
[SourceQuality "1"]

1. e4 c5 2. Nf3 g6 3. d4 cxd4 4. Nxd4 Bg7 5. Nc3 Nc6 6. Be3 Nf6 7. Bc4 Qa5 8. 0-0 0-0 9. Bb3 d6 10. f3 Bd7 11. Qd2 Rfc8 12. Rad1 Nxd4 13. Bxd4 Bc6 14. Rfe1 Nd7 15. Bxg7 Kxg7 16. f4 Qc5+ 17. Kh1 Rf8 18. Re3 Rad8 19. Rh3 Nf6 20. Qe1 e6 21. Qh4 Qh5 22. Qg3 Nxe4 23. Qe3 Qf5 24. Ne2 Nf2+ 25. Qxf2 Qxh3 26. Nd4 Qh5 27. c3 Be4 28. Re1 d5 29. Bd1 Qh6 30. Kg1 Rfe8 31. g4 e5 32. fxe5 Rxe5 33. Rf1 Re7 34. Qf6+ Kg8 35. Qxe7 Rf8 36. Qf6 Qh3 37. Bf3 Bxf3 38. Qxf3 Qh4 39. Qg3 Qg5 40. Qf4 Qe7 41. g5 Re8 42. h4 a6 43. h5 gxh5 44. Nf5 Qe5 45. Nh6+ Kg7 46. Qxf7+ Kh8 47. Qf8+ Rxf8 48. Rxf8+ Kg7 49. Rg8# 1-0

[Event "Piraeus GM 01"]
[Site "Piraeus"]
[Date "2024.01.05"]
[Round "3"]
[White "Jaiveer, Mahendru"]
[Black "Kapnisis, Spyridon"]
[Result "1-0"]
[WhiteElo "2294"]
[BlackElo "2431"]
[PlyCount "61"]
[EventDate "2024.01.03"]
[EventType "tourn"]
[EventRounds "9"]
[EventCountry "GRE"]
[EventCategory "7"]
[SourceTitle "CB03_2024"]
[SourceDate "2024.01.17"]
[SourceVersion "1"]
[SourceVersionDate "2024.01.17"]
[SourceQuality "1"]

1. e4 e5 2. Nf3 Nc6 3. Bc4 Nf6 4. Ng5 d5 5. exd5 b5 6. Bf1 Nxd5 7. Bxb5 Bb7 8. d3 Qd7 9. 0-0 0-0-0 10. Nc3 Nb6 11. a4 a6 12. a5 axb5 13. axb6 Nd4 14. bxc7 Kxc7 15. Be3 h6 16. Nf3 Nxf3+ 17. gxf3 b4 18. Nb1 Qh3 19. Nd2 Bd6 20. Ra7 e4 21. f4 g5 22. Nxe4 gxf4 23. Rxb7+ Kxb7 24. Nxd6+ Rxd6 25. Bxf4 Re6 26. c3 h5 27. Qa4 Qg4+ 28. Bg3 Ra8 29. Qd7+ Kb6 30. Qc7+ Kb5 31. Qb7+ 1-0

[Event "Piraeus GM 01"]
[Site "Piraeus"]
[Date "2024.01.04"]
[Round "2"]
[White "Kourkoulos Arditis, Stamatis"]
[Black "Jaiveer, Mahendru"]
[Result "1-0"]
[WhiteElo "2547"]
[BlackElo "2294"]
[PlyCount "83"]
[EventDate "2024.01.03"]
[EventType "tourn"]
[EventRounds "9"]
[EventCountry "GRE"]
[EventCategory "7"]
[SourceTitle "CB03_2024"]
[SourceDate "2024.01.17"]
[SourceVersion "1"]
[SourceVersionDate "2024.01.17"]
[SourceQuality "1"]

1. d4 d5 2. c4 e6 3. Nf3 Nf6 4. g3 Bb4+ 5. Bd2 Be7 6. Bg2 0-0 7. 0-0 c6 8. Qc2 b6 9. b3 Nbd7 10. Rd1 Ba6 11. a4 c5 12. a5 Rc8 13. axb6 Qxb6 14. Ba5 Qb8 15. Be1 Bb7 16. dxc5 Bxc5 17. b4 Bb6 18. c5 a5 19. Qa4 Bd8 20. Nd4 e5 21. c6 Nb6 22. Qa2 Ba8 23. Nf5 g6 24. bxa5 gxf5 25. axb6 Bxc6 26. Nd2 Bxb6 27. Nf3 e4 28. Nd4 Bd7 29. Rab1 Qa7 30. Qb2 Bxd4 31. Rxd4 Be6 32. Rb4 Nd7 33. Bc3 Rb8 34. Bd4 Rxb4 35. Qxb4 Qb8 36. Qe1 Qd6 37. Qc1 f6 38. Qh6 Ne5 39. Rb6 Qe7 40. Bxe5 Qc5 41. Rb7 Qc1+ 42. Qxc1 1-0

[Event "Piraeus GM 01"]
[Site "Piraeus"]
[Date "2024.01.03"]
[Round "1"]
[White "Jaiveer, Mahendru"]
[Black "Alexakis, Dimitris"]
[Result "0-1"]
[WhiteElo "2294"]
[BlackElo "2451"]
[PlyCount "155"]
[EventDate "2024.01.03"]
[EventType "tourn"]
[EventRounds "9"]
[EventCountry "GRE"]
[EventCategory "7"]
[SourceTitle "CB03_2024"]
[SourceDate "2024.01.17"]
[SourceVersion "1"]
[SourceVersionDate "2024.01.17"]
[SourceQuality "1"]

1. e4 c5 2. Nf3 e6 3. d4 cxd4 4. Nxd4 Nc6 5. Nc3 Qc7 6. Be3 a6 7. Qf3 Nf6 8. 0-0-0 Ne5 9. Qg3 b5 10. f4 Neg4 11. Bg1 h5 12. h3 b4 13. Nd5 Nxd5 14. exd5 Nf6 15. dxe6 dxe6 16. Bh2 Bb7 17. Qe1 0-0-0 18. f5 Qb6 19. fxe6 Ne4 20. Qe3 Bc5 21. Qf4 Bd6 22. Qxf7 Bxh2 23. e7 Rxd4 24. e8Q+ Rxe8 25. Qxe8+ Kc7 26. Qf7+ Kb8 27. Bd3 Qc7 28. Qxc7+ Bxc7 29. Rhf1 g5 30. Rf8+ Ka7 31. Be2 Ng3 32. Bd3 Bxg2 33. Rg1 Rxd3 34. Rxg2 Re3 35. Rf7 Kb6 36. Kd1 Bf4 37. Rf6+ Kb5 38. Rf7 Rf3 39. Rg1 Rf2 40. Rd7 Kc6 41. Rd3 Nf5 42. Re1 g4 43. hxg4 hxg4 44. Re2 g3 45. Rxf2 gxf2 46. Ke2 Be3 47. Rd1 Bc5 48. Rd3 Be3 49. Rd1 Bd4 50. Rd3 Bxb2 51. Kxf2 Nd4 52. Ke1 Nxc2+ 53. Kd1 Nd4 54. Rh3 Kb5 55. Rh2 Bc3 56. Kc1 a5 57. Kb1 Ka4 58. Rh3 Nb5 59. Rh4 Ka3 60. Rh5 Ka4 61. Rh4 Na7 62. Rg4 Nc6 63. Rh4 Kb5 64. Rg4 Ne5 65. Rg8 Nd7 66. Rg5+ Nc5 67. Rh5 Bd4 68. Rh4 Kc4 69. Rg4 Na4 70. Rh4 Nc3+ 71. Kb2 a4 72. Rg4 a3+ 73. Ka1 Ne2+ 74. Kb1 b3 75. Rg2 Nc3+ 76. Ka1 Nxa2+ 77. Kb1 Nc3+ 78. Ka1 0-1

[Event "Groningen op 59th"]
[Site "Groningen"]
[Date "2023.12.27"]
[Round "6"]
[White "Boeren, Jurriaan"]
[Black "Jaiveer, Mahendru"]
[Result "1/2-1/2"]
[WhiteElo "2102"]
[BlackElo "2294"]
[PlyCount "61"]
[EventDate "2023.12.21"]
[EventType "swiss"]
[EventRounds "9"]
[EventCountry "NED"]
[SourceTitle "CB04_2024"]
[SourceDate "2023.10.16"]
[SourceVersion "1"]
[SourceVersionDate "2023.10.16"]
[SourceQuality "1"]

1. e4 e5 2. Nf3 Nc6 3. Bb5 a6 4. Ba4 Nf6 5. 0-0 Nxe4 6. d4 b5 7. Bb3 d5 8. dxe5 Be6 9. Qe2 Be7 10. Rd1 0-0 11. c4 bxc4 12. Bxc4 Bc5 13. Be3 Bxe3 14. Qxe3 Qb8 15. Bb3 Na5 16. Nbd2 Qa7 17. Qxa7 Rxa7 18. Nxe4 Nxb3 19. axb3 dxe4 20. Nd4 Rb7 21. Rxa6 Bxb3 22. Nxb3 Rxb3 23. Rc6 Rxb2 24. Rxc7 h5 25. h4 e3 26. fxe3 Re2 27. Rdd7 Rxe3 28. Re7 Re4 29. g3 Re2 30. Kf1 Rb2 31. e6 1/2-1/2

[Event "Qatar Masters op"]
[Site "Doha"]
[Date "2023.10.20"]
[Round "9"]
[White "Karamsetty, Jeevan"]
[Black "Jaiveer, Mahendru"]
[Result "1-0"]
[WhiteElo "2300"]
[BlackElo "2393"]
[PlyCount "83"]
[EventDate "2023.10.11"]
[EventType "swiss"]
[EventRounds "9"]
[EventCountry "QAT"]
[SourceTitle "Mega2024 Update 01"]
[Source "Chessbase"]
[SourceDate "2023.11.12"]
[SourceVersion "1"]
[SourceVersionDate "2023.11.12"]
[SourceQuality "1"]

1. e4 c5 2. Nc3 Nc6 3. Bb5 Nd4 4. Bc4 e6 5. Nge2 Nf6 6. 0-0 a6 7. a4 d5 8. exd5 exd5 9. Ba2 Be6 10. d3 Nxe2+ 11. Nxe2 Bd6 12. Bf4 0-0 13. c3 Bf5 14. Qd2 Re8 15. Rfe1 b5 16. Bxd6 Qxd6 17. Ng3 Bd7 18. Rxe8+ Rxe8 19. axb5 axb5 20. Bb3 d4 21. h3 dxc3 22. bxc3 h5 23. Nf1 Bc6 24. Ra7 Nd7 25. d4 c4 26. Bc2 Nf6 27. Ra6 Qd7 28. Ne3 Bxg2 29. Bf5 Qb7 30. Rxf6 Bf3 31. Bd7 Ra8 32. Rxf3 Qxf3 33. Qb2 b4 34. cxb4 Qe4 35. Bf5 Qc6 36. d5 Qb5 37. Qc3 g6 38. Be4 Ra4 39. d6 Rxb4 40. Nd5 Rb1+ 41. Kg2 Rd1 42. Qe5 1-0

[Event "Qatar Masters op"]
[Site "Doha"]
[Date "2023.10.19"]
[Round "8"]
[White "Stearman, Josiah P"]
[Black "Jaiveer, Mahendru"]
[Result "1-0"]
[WhiteElo "2476"]
[BlackElo "2393"]
[PlyCount "55"]
[EventDate "2023.10.11"]
[EventType "swiss"]
[EventRounds "9"]
[EventCountry "QAT"]
[SourceTitle "Mega2024 Update 01"]
[Source "Chessbase"]
[SourceDate "2023.11.12"]
[SourceVersion "1"]
[SourceVersionDate "2023.11.12"]
[SourceQuality "1"]

1. d4 Nf6 2. c4 g6 3. Nf3 Bg7 4. g3 d6 5. Bg2 0-0 6. 0-0 c6 7. b3 Qc7 8. Bb2 Re8 9. Nc3 e5 10. d5 c5 11. e4 Qe7 12. Ne1 Ng4 13. Nd3 f5 14. Qd2 Rf8 15. h3 Nf6 16. Rae1 Nh5 17. exf5 gxf5 18. Qe2 Qf7 19. Nb5 Rd8 20. Nxd6 Rxd6 21. Nxe5 Qe8 22. Qf3 Nf6 23. Nd3 Qd8 24. Nxc5 Ne4 25. Bxg7 Kxg7 26. Nxe4 fxe4 27. Rxe4 Rf6 28. Qe3 1-0